Historia universal durante la República Romana / (Record no. 162384)

MARC details
000 -LEADER
campo de control de longitud fija 01023nam a22002535i 4500
001 - NÚMERO DE CONTROL
campo de control 162384
003 - IDENTIFICADOR DE NÚMERO DE CONTROL
campo de control ES-MaACL
005 - FECHA Y HORA DE LA ÚLTIMA TRANSACCIÓN
campo de control 20250803050545.0
008 - DATOS DE LONGITUD FIJA--INFORMACIÓN GENERAL
campo de control de longitud fija 940301s1884 sp |||| | spa d
040 ## - FUENTE DE CATALOGACIÓN
Centro catalogador/agencia de origen AS
Lengua de catalogación spa
100 1# - ENTRADA PRINCIPAL--NOMBRE DE PERSONA
Nombre de persona Polibio.
9 (RLIN) 92820
245 10 - MENCIÓN DEL TÍTULO
Título Historia universal durante la República Romana /
Mención de responsabilidad, etc. escrita por Polibio Megalopolitano ; versión castellana de Ambrosio Rui Bamba, adicionada con todos los fragmentos descubiertos hasta ahora.
260 ## - PUBLICACIÓN, DISTRIBUCIÓN, ETC.
Lugar de publicación, distribución, etc. Madrid :
Nombre del editor, distribuidor, etc. Luis Navarro,
Fecha de publicación, distribución, etc. 1884 (
Fabricante Imprenta Central y Estereotipia á cargo de V. Saiz)
300 ## - DESCRIPCIÓN FÍSICA
Extensión 3 v.(434;438;518 p.) ;
Dimensiones 18 cm.
490 1# - MENCIÓN DE SERIE
Mención de serie Biblioteca clásica ;
Designación de volumen o secuencia 71, 72, 74
650 07 - PUNTO DE ACCESO ADICIONAL DE MATERIA--TÉRMINO DE MATERIA
Término de materia o nombre geográfico como elemento de entrada Historia antigua
Fuente del encabezamiento o término embne
9 (RLIN) 13385
651 #4 - PUNTO DE ACCESO ADICIONAL DE MATERIA--NOMBRE GEOGRÁFICO
Nombre geográfico Roma-
Subdivisión general Historia-
Subdivisión cronológica 265-30 a.C., República.
9 (RLIN) 9320
651 #4 - PUNTO DE ACCESO ADICIONAL DE MATERIA--NOMBRE GEOGRÁFICO
Nombre geográfico Grecia-
Subdivisión general Historia.
9 (RLIN) 8777
700 21 - ENTRADA AGREGADA--NOMBRE PERSONAL
Nombre de persona Rui Bamba, Ambrosio,
Término indicativo de función/relación
9 (RLIN) 132171
830 0# - PUNTO DE ACCESO ADICIONAL DE SERIE-TÍTULO UNIFORME
Título uniforme Biblioteca clásica ;
Designación de volumen o secuencia 71, 72, 74
9 (RLIN) 180370
852 ## - LOCALIZACIÓN
Ubicación ES-MaACL
Número de control de estantería F-13230-32
Nota libre -- Enc. tela
Holdings
Estatus retirado Estado de pérdida Estado de daño No para préstamo Colección Biblioteca de origen Biblioteca actual Ubicación en estantería Fecha de adquisición Total de préstamos Signatura topográfica completa Código de barras Visto por última vez Precio de reemplazo Tipo de ítem Koha
        Libros del s. XIX Biblioteca del Ateneo de Madrid Biblioteca del Ateneo de Madrid Sala Pecera Planta 2 17/01/2008   F-13230-32 1170119 23/02/2023 23/02/2023 Libro impreso antiguo